Formy podnikatelských inkubátorů v České republice
Podnikateľský inkubátor je dôležitým nástrojom rozvoja regiónu, využiteľný pre podporu novo vznikajúcich firiem, pre podporu podnikateľského ducha spoločnosti a pre zvýšenie a udržanie zamestnanosti v regiónoch. ČR je v súčasnosti so svojimi 24 inkubátormi na 3. mieste z uvedených porovnávaných kraj...
Salvato in:
| Autore principale: | |
|---|---|
| Altri autori: | |
| Natura: | Capitolo di libro |
| Lingua: | ceco |
| Soggetti: | |
| Tags: |
Nessun Tag, puoi essere il primo ad aggiungerne!!
|
MARC
| LEADER | 00000nla$a2200000$$$4500 | ||
|---|---|---|---|
| 001 | 0076145 | ||
| 005 | 20240311115629.8 | ||
| 041 | 0 | |a cze | |
| 044 | |a CZ | ||
| 245 | 1 | 0 | |a Formy podnikatelských inkubátorů v České republice |c Tomáš Pyšný, Josef Zrůst |
| 520 | |a Podnikateľský inkubátor je dôležitým nástrojom rozvoja regiónu, využiteľný pre podporu novo vznikajúcich firiem, pre podporu podnikateľského ducha spoločnosti a pre zvýšenie a udržanie zamestnanosti v regiónoch. ČR je v súčasnosti so svojimi 24 inkubátormi na 3. mieste z uvedených porovnávaných krajín, v širšom porovnaní s ostatnými štátmi Európy však zaostáva. | ||
| 610 | 2 | 0 | |a inkubátory podnikateľské |
| 610 | 2 | 0 | |a rozvoj regionálny |
| 610 | 2 | 0 | |a podpora podnikania |
| 610 | 2 | 0 | |a investície |
| 610 | 2 | 0 | |a Česko |
| 610 | 2 | 0 | |a Európa |
| 100 | 1 | |a Pyšný, Tomáš | |
| 700 | 1 | |a Zrůst, Josef | |